| 000 -LEADER |
| fixed length control field |
00340nam a22001217a 4500 |
| 008 - FIXED-LENGTH DATA ELEMENTS--GENERAL INFORMATION |
| fixed length control field |
250320b ||||| |||| 00| 0 eng d |
| 020 ## - INTERNATIONAL STANDARD BOOK NUMBER |
| International Standard Book Number |
9781742756516 |
| 082 ## - DEWEY DECIMAL CLASSIFICATION NUMBER |
| Classification number |
823.92 SAX |
| 100 ## - MAIN ENTRY--PERSONAL NAME |
| Personal name |
Saxby,Claire |
| Relator term |
Author |
| 245 ## - TITLE STATEMENT |
| Title |
SEADOG |
| 260 ## - PUBLICATION, DISTRIBUTION, ETC. |
| Place of publication, distribution, etc. |
Level 3,100 Pacific Highway,North Sydney NSW 2060 |
| Name of publisher, distributor, etc. |
Random House Australia |
| Date of publication, distribution, etc. |
2014 |
| 942 ## - ADDED ENTRY ELEMENTS (KOHA) |
| Source of classification or shelving scheme |
|